Memoir of a Sparklemuffin - Suki Waterhouse Album - Statistics

General Stats
  • This quiz has been taken 42 times
  • The average score is 12 of 18
Answer Stats
Hint Answer % Correct
Track 3 Blackout Drunk
100%
Track 18 To Love
100%
Track 10 Big Love
83%
Track 4 Faded
83%
Track 7 Model, Actress, Whatever
83%
Track 6 My Fun
83%
Track 12 OMG
83%
Track2 Supersad
83%
Track 14 Could've Been A Star
67%
Track 1 Gateway Drug
67%
Track 11 Lawsuit
67%
Track 15 Legendary
67%
Track 16 Everybody Breaks Up Anyway
50%
Track 17 Helpless
50%
Track 13 Think Twice
50%
Track 5 Nonchalant
33%
Track 8 To Get You
33%
Track 9 Lullably
0%
No matching quizzes found
Score Distribution
Percent of People with Each Score
Percentile by Number Answered
Your Score History
You have not taken this quiz